<?xml version="1.0" encoding="UTF-8"?>
<record
    xmlns:xsi="http://www.w3.org/2001/XMLSchema-instance"
    xsi:schemaLocation="http://www.loc.gov/MARC21/slim http://www.loc.gov/standards/marcxml/schema/MARC21slim.xsd"
    xmlns="http://www.loc.gov/MARC21/slim">

  <leader>00764nam a22001817a 4500</leader>
  <controlfield tag="008">110717s2004    sj|||||r|||| 000 0 ara d</controlfield>
  <datafield tag="020" ind1=" " ind2=" ">
    <subfield code="a">99942540012</subfield>
  </datafield>
  <datafield tag="082" ind1=" " ind2=" ">
    <subfield code="2">22</subfield>
    <subfield code="a">243</subfield>
    <subfield code="b">&#x634; &#x642; &#x641;</subfield>
  </datafield>
  <datafield tag="100" ind1=" " ind2=" ">
    <subfield code="9">26296</subfield>
    <subfield code="a">&#x634;&#x642;&#x641;&#x60C; &#x628;&#x62D;&#x631; &#x627;&#x644;&#x62F;&#x64A;&#x646; &#x639;&#x648;&#x636;</subfield>
  </datafield>
  <datafield tag="245" ind1=" " ind2=" ">
    <subfield code="a">&#x627;&#x644;&#x62A;&#x635;&#x648;&#x64A;&#x631; &#x627;&#x644;&#x628;&#x64A;&#x626;&#x64A; &#x644;&#x644;&#x645;&#x639;&#x627;&#x62F; &#x641;&#x64A; &#x62F;&#x62D;&#x636; &#x627;&#x644;&#x639;&#x646;&#x627;&#x62F; /</subfield>
    <subfield code="c">&#x628;&#x62D;&#x631; &#x627;&#x644;&#x62F;&#x64A;&#x646; &#x639;&#x648;&#x636; &#x634;&#x642;&#x641; </subfield>
  </datafield>
  <datafield tag="260" ind1=" " ind2=" ">
    <subfield code="a">&#x627;&#x644;&#x62E;&#x631;&#x637;&#x648;&#x645; :</subfield>
    <subfield code="b">&#x62F;&#x627;&#x631; &#x639;&#x632;&#x629;&#x60C; 2004</subfield>
    <subfield code="c">2004</subfield>
  </datafield>
  <datafield tag="300" ind1=" " ind2=" ">
    <subfield code="a">310 &#x635; &#x61B;</subfield>
    <subfield code="c">24 &#x633;&#x645;</subfield>
  </datafield>
  <datafield tag="504" ind1=" " ind2=" ">
    <subfield code="a">&#x64A;&#x634;&#x62A;&#x645;&#x644; &#x639;&#x644;&#x649; &#x625;&#x631;&#x62C;&#x627;&#x639;&#x627;&#x62A; &#x628;&#x628;&#x644;&#x64A;&#x648;&#x62C;&#x631;&#x627;&#x641;&#x64A;&#x629; &#x635; 309-310</subfield>
  </datafield>
  <datafield tag="650" ind1=" " ind2=" ">
    <subfield code="9">26297</subfield>
    <subfield code="a">&#x627;&#x644;&#x628;&#x639;&#x62B; (&#x627;&#x644;&#x625;&#x633;&#x644;&#x627;&#x645;)</subfield>
  </datafield>
  <datafield tag="653" ind1=" " ind2=" ">
    <subfield code="b">General</subfield>
    <subfield code="c">July2011</subfield>
  </datafield>
  <datafield tag="942" ind1=" " ind2=" ">
    <subfield code="2">ddc</subfield>
    <subfield code="c">BB</subfield>
  </datafield>
  <datafield tag="999" ind1=" " ind2=" ">
    <subfield code="c">15692</subfield>
    <subfield code="d">15692</subfield>
  </datafield>
  <datafield tag="952" ind1=" " ind2=" ">
    <subfield code="0">0</subfield>
    <subfield code="1">0</subfield>
    <subfield code="2">ddc</subfield>
    <subfield code="4">0</subfield>
    <subfield code="7">0</subfield>
    <subfield code="8">Alef-Baa</subfield>
    <subfield code="a">MAIN</subfield>
    <subfield code="b">MAIN</subfield>
    <subfield code="c">LOW</subfield>
    <subfield code="d">2011-07-17</subfield>
    <subfield code="e">purchase</subfield>
    <subfield code="o">243 &#x634; &#x642; &#x641;</subfield>
    <subfield code="p">000024364</subfield>
    <subfield code="r">2025-07-15 00:00:00</subfield>
    <subfield code="y">BB</subfield>
  </datafield>
</record>
